| 000 | 00435pab a2200181 454500 | ||
|---|---|---|---|
| 008 | 180718b2013 xxu||||| |||| 00| 0 eng d | ||
| 100 | _aBiswas, N.B. | ||
| 245 | _aResearch in post - modern education: An overview | ||
| 260 | _c2013 | ||
| 300 | _ap.3-11. | ||
| 362 | _a6 May | ||
| 650 | _aResearch | ||
| 650 | _aEducational research | ||
| 700 | _aBhagawati, Sikha | ||
| 773 | _aUniversity News | ||
| 908 | _aN | ||
| 909 | _a98991 | ||
| 999 |
_c98990 _d98990 |
||